000 00672nam a2200205Ii 4500
003 JO-AjNU
008 230606s9999||||xx |||||||||||||| ||und||
020 _a978-1-4188-3725-9
040 _aJO-AjNU
_beng
_erda
_cJO-AjNU
041 _aeng
050 1 4 _aQA76.76.O63.C3754.2006
100 3 _aCarswell,Ron/Webb.Heidi,
_eauthor
_91111
245 0 0 _aGuide to Parallel Operating Systems With Windws XP and Linux
264 3 1 _aAustralia:Course Technology,2011
300 _a618p
336 _atext
_btxt
_2rdacontent
337 _aunmediated
_bn
_2rdamedia
338 _avolume
_bnc
_2rdacarrier
650 4 _aGuide to Parallel Operating Systems With Windws XP and Linux
_91112
999 _aE582
_c582
_d582